000 00328nam a22001457a 4500
008 210519b ||||| |||| 00| 0 eng d
020 _a0316154148
041 _aeng
080 _23rd
_a004
082 _a004
100 _a28
101 _aSHKI
245 _aAn Introduction to Programming
_cRichard Conway
942 _2udc
_cBK
999 _c57532
_d57532